| 000 | 00454nam a2200133 a 4500 | ||
|---|---|---|---|
| 001 | ASINB0007AK2XI | ||
| 005 | 20150413040415.0 | ||
| 008 | 150413s1976 xxu eng d | ||
| 100 | 1 | _aAllana, G. | |
| 245 | 1 | 0 |
_aOur freedom fighters, 1562-1947 : _btwenty-one great lives / _cG Allana. |
| 260 |
_a[S.l.] : _bNational Book Foundation, _c1976. |
||
| 300 | _a347 p. | ||
| 856 | 4 | 0 |
_3Amazon.com _uhttp://www.amazon.com/exec/obidos/ASIN/B0007AK2XI/chopaconline-20 |
| 999 |
_c13009 _d13009 |
||